00493nam a2200169Ia 4500003000400000008004100004040001600045082001700061100002600078245005700104300001100161490002700172650003000199650003600229650002200265650003600287GCL140319s9999 xx 000 0 ara d aGCL / cGCL04a320.9bف س1 aفؤاد دواره10aسقوط حلف بغداد / cفؤاد دواره a146 ص aكتب سياسيةv004aالعالم العربى04aالاحوال السياسية04aحلف بغداد04aالاحلاف العسكرية